Una mujer para el apocalipsis
Salvato in:
| Autore principale: | |
|---|---|
| Natura: | Libro |
| Lingua: | spagnolo |
| Pubblicazione: |
Madrid
Guadarrama
1968
|
| Soggetti: | |
| Tags: |
Aggiungi Tag
Nessun Tag, puoi essere il primo ad aggiungerne!!
|
MARC
| LEADER | 00000nam a2200000 a 4500 | ||
|---|---|---|---|
| 001 | UCQ4907 | ||
| 003 | CL-VaPUC | ||
| 008 | 980910e19680000SP |||||||||||||||||spa|d | ||
| 082 | 0 | 4 | |a 859.32 |b HOR |2 21 |
| 100 | |a Horia, Vintila |e author |9 586387 | ||
| 245 | 1 | 4 | |a Una mujer para el apocalipsis |
| 300 | |a 242 p | ||
| 942 | |c BK | ||
| 945 | |d 19980910 00:00:00 |a crobeson | ||
| 260 | |a Madrid |b Guadarrama |c 1968 | ||
| 650 | 0 | |a Novelas rumanas |9 311526 | |
| 650 | 0 | |a Literatura rumana |9 419058 | |
| 583 | |a last modification |c 19980910 00:00:00 |k Rodrigo Vera | ||
| 999 | |c 275206 |d 275204 | ||
| 952 | |0 0 |1 0 |4 0 |6 859_320000000000000_HOR_1968 |7 0 |8 A |9 311780 |a BIBEDU |b BIBEDU |d 2019-11-20 |i 1466895 |o 859.32 HOR 1968 |p 1466895 |r 2019-11-20 |w 2019-11-20 |y BK |k LIT | ||